Priemyselný index kapitálového trhu Slovenskej republiky

Informácia o stavbe a vedení indexu slovenského kapitálového trhu pod názvom SEVIS INDEX 100 zostaveného z akcií verejnoobchodovateľných spoločností. Cieľ - týždenne zaznamenávať zmeny cien akcií 100 akciových spoločností pre zvýšenie informovanosti domácich a zahraničných investorov. Index zostavov...

Ausführliche Beschreibung

Gespeichert in:
Bibliographische Detailangaben
1. Verfasser: Haviar, S.
Format: Buchkapitel
Sprache:Slowakisch
Schlagworte:
Tags: Tag hinzufügen
Keine Tags, Fügen Sie das erste Tag hinzu!

MARC

LEADER 00000naa a2200000 4500
001 r014181
005 20221205080659.9
041 0 |a slo 
044 |a SK 
245 1 0 |a Priemyselný index kapitálového trhu Slovenskej republiky  |c S. Haviar 
520 |a Informácia o stavbe a vedení indexu slovenského kapitálového trhu pod názvom SEVIS INDEX 100 zostaveného z akcií verejnoobchodovateľných spoločností. Cieľ - týždenne zaznamenávať zmeny cien akcií 100 akciových spoločností pre zvýšenie informovanosti domácich a zahraničných investorov. Index zostavovaný Severoslovenskou invest. spoločnosťou, a.s. Žilina podľa výsledkov kupónovej privatizácie a aukcií RM-Systém Slovakia. 
610 2 0 |a SEVIS INDEX 100 
610 2 0 |a trh kapitálový 
610 2 0 |a indexy 
610 2 0 |a RM-Systém Slovakia 
100 1 |a Haviar, S.